[Event "USA-chT Amateur East"]
[Site "Parsippany"]
[Date "2000.03.19"]
[Round "2"]
[White "Samsa, Gregor"]
[Black "Dvoretzky, Mark"]
[Result "0-1"]
[WhiteElo "2080"]
[BlackElo "2460"]
[PlyCount "120"]
[EventDate "2000.03.19"]
[EventType "team"]
[EventRounds "6"]
[EventCountry "USA"]
[SourceTitle "EXT 2001"]
[Source "ChessBase"]
[SourceDate "2000.11.22"]
[SourceVersion "1"]
[SourceVersionDate "2000.11.22"]
[SourceQuality "1"]

1. Nf3 c5 2. g3 Nc6 3. d4 cxd4 4. Nxd4 g6 5. Bg2 Bg7 6. Nxc6 bxc6 7. 0-0 Rb8 8. Nd2 Nf6 9. c4 Qc7 10. Qc2 c5 11. Rb1 0-0 12. b3 d6 13. Bb2 a5 14. e4 Bd7 15. Bc3 Nh5 16. f4 a4 17. bxa4 Bxa4 18. Qd3 Rxb1 19. Nxb1 Bc6 20. g4 Nf6 21. g5 Nd7 22. Bxg7 Kxg7 23. Nc3 f6 24. h4 Ba8 25. a4 Qa5 26. gxf6+ Nxf6 27. e5 Ne8 28. Bd5 dxe5 29. fxe5 Rxf1+ 30. Qxf1 Bxd5 31. Nxd5 Qxa4 32. Nxe7 Qd7 33. Nd5 Qg4+ 34. Qg2 Qxh4 35. Qb2 Qxc4 36. Qb7+ Kh6 37. Qe7 Qxd5 38. Qxe8 c4 39. e6 c3 40. Qf8+ Kh5 41. Qc8 Qd2 42. e7 Qe1+ 43. Kg2 Qxe7 44. Qh3+ Qh4 45. Qxc3 Qe4+ 46. Kg3 Qg4+ 47. Kh2 Qf4+ 48. Kh3 Kg5 49. Qg7 Qe3+ 50. Kg2 h5 51. Qh8 Qe4+ 52. Kg3 h4+ 53. Kh2 Kg4 54. Qc8+ Qf5 55. Qd8 Qf4+ 56. Kg1 Kh3 57. Qa8 Qg4+ 58. Kf2 Kh2 59. Qh8 g5 60. Kf1 h3 0-1

[Event "Bayern-chI Bank Hofmann 1st"]
[Site "Bad Wiessee"]
[Date "1997.11.23"]
[Round "9"]
[White "Rohrmueller, Ulrich"]
[Black "Dvoretzky, Mark"]
[Result "1/2-1/2"]
[WhiteElo "2230"]
[BlackElo "2475"]
[PlyCount "143"]
[EventDate "1997.11.15"]
[EventType "swiss"]
[EventRounds "9"]
[EventCountry "GER"]
[SourceTitle "CBM 061 Extra"]
[Source "ChessBase"]
[SourceDate "1998.03.09"]
[SourceVersion "1"]
[SourceVersionDate "1998.03.09"]
[SourceQuality "1"]

1. d4 f5 2. g3 Nf6 3. Bg2 e6 4. Nh3 Be7 5. c3 0-0 6. Nd2 d5 7. Nf4 Nc6 8. Nf3 Ne4 9. Nd3 Bd7 10. 0-0 Be8 11. Be3 a5 12. a4 b6 13. Re1 Rc8 14. Nfe5 Nxe5 15. Nxe5 Bf6 16. Nd3 g5 17. f3 Nd6 18. b3 Qe7 19. Rc1 Rd8 20. Bf2 Bg6 21. e3 h5 22. Re2 g4 23. f4 Ne4 24. b4 Ra8 25. b5 c5 26. bxc6 Be8 27. c4 Bxc6 28. c5 b5 29. axb5 Bxb5 30. Rb2 Bc4 31. Ra1 a4 32. Be1 Bb3 33. Qc1 Rfb8 34. Bb4 Qg7 35. Ba3 h4 36. Bxe4 dxe4 37. Ne5 Bxe5 38. dxe5 Bd5 39. Rab1 Rb3 40. Rxb3 axb3 41. Bb2 Ra4 42. Ra1 Rc4 43. Qe1 Rxc5 44. Rc1 Qc7 45. Rxc5 Qxc5 46. Qc3 Qe7 47. Qa5 Kh7 48. Qa3 Qc7 49. Qd6 Qa7 50. Kf2 h3 51. Qd8 Qc5 52. Qh4+ Kg8 53. Qd8+ Kf7 54. Qd7+ Kg6 55. Kf1 Qc4+ 56. Ke1 Qb4+ 57. Kd1 Qc5 58. Bc3 b2 59. Kc2 Qa3 60. Bxb2 Qd3+ 61. Kc1 Qxe3+ 62. Kb1 Qe1+ 63. Kc2 Qb4 64. Qe8+ Kg7 65. Qd7+ Kh6 66. Qd6 Qa4+ 67. Kc1 Qc4+ 68. Kb1 Qa2+ 69. Kc2 Qa4+ 70. Kc1 Qa7 71. Qf8+ Kh7 72. Bd4 1/2-1/2

[Event "Bayern-chI Bank Hofmann 1st"]
[Site "Bad Wiessee"]
[Date "1997.11.21"]
[Round "7"]
[White "Wornath, Kai Rudolf"]
[Black "Dvoretzky, Mark"]
[Result "1/2-1/2"]
[WhiteElo "2230"]
[BlackElo "2475"]
[PlyCount "69"]
[EventDate "1997.11.15"]
[EventType "swiss"]
[EventRounds "9"]
[EventCountry "GER"]
[SourceTitle "CBM 061 Extra"]
[Source "ChessBase"]
[SourceDate "1998.03.09"]
[SourceVersion "1"]
[SourceVersionDate "1998.03.09"]
[SourceQuality "1"]

1. d4 c5 2. d5 e5 3. c4 d6 4. e4 Be7 5. Nf3 Bg4 6. Nbd2 Bg5 7. Qa4+ Bd7 8. Qb3 Bxd2+ 9. Bxd2 b6 10. g3 Ne7 11. Bg2 0-0 12. 0-0 a5 13. Bc3 a4 14. Qc2 f6 15. Nd2 b5 16. cxb5 Bxb5 17. Rfe1 Na6 18. Bf1 Nc7 19. Bxb5 Nxb5 20. Nc4 f5 21. f3 f4 22. g4 Qc7 23. Red1 Ng6 24. b3 a3 25. Rac1 Rfb8 26. Qd2 Nxc3 27. Rxc3 Nf8 28. Qf2 Qe7 29. h4 Nd7 30. Rdc1 Rb4 31. Kg2 Ra6 32. Kh3 Nb6 33. Qe2 Ra8 34. Nxb6 Rxb6 35. Rc4 1/2-1/2

[Event "Bayern-chI Bank Hofmann 1st"]
[Site "Bad Wiessee"]
[Date "1997.11.20"]
[Round "6"]
[White "Dvoretzky, Mark"]
[Black "Ankerst, Milka"]
[Result "1-0"]
[WhiteElo "2475"]
[BlackElo "2170"]
[PlyCount "81"]
[EventDate "1997.11.15"]
[EventType "swiss"]
[EventRounds "9"]
[EventCountry "GER"]
[SourceTitle "CBM 061 Extra"]
[Source "ChessBase"]
[SourceDate "1998.03.09"]
[SourceVersion "1"]
[SourceVersionDate "1998.03.09"]
[SourceQuality "1"]

1. e4 c5 2. Nf3 Nc6 3. Bb5 g6 4. 0-0 Bg7 5. c3 Nf6 6. Re1 0-0 7. h3 d6 8. d4 cxd4 9. cxd4 Bd7 10. Nc3 a6 11. Bf1 Rc8 12. d5 Ne5 13. Nxe5 dxe5 14. a4 Ne8 15. Qb3 Nd6 16. a5 f5 17. Be3 Qe8 18. Qb4 Rf6 19. Bc5 f4 20. Bxd6 Rxd6 21. Be2 Rc7 22. Rac1 g5 23. Bg4 Bxg4 24. hxg4 Qc8 25. Ne2 Rxc1 26. Rxc1 Qxg4 27. f3 Qd7 28. Qc5 Kf7 29. g4 Qa4 30. Kg2 Qb3 31. Qa3 Qb5 32. Ng1 Bf6 33. Rc7 Ke8 34. Nh3 b6 35. b4 bxa5 36. bxa5 Rd8 37. Nf2 Rd7 38. Rc5 Qe2 39. Qa4 Kd8 40. Qc6 Ke8 41. Qe6 1-0

[Event "Oberliga Bayern 9798"]
[Site "Bayern"]
[Date "1997.??.??"]
[Round "?.5"]
[White "Albeker, Mark"]
[Black "Dvoretzky, Mark"]
[Result "0-1"]
[WhiteElo "2130"]
[BlackElo "2475"]
[PlyCount "70"]
[EventDate "1997.10.??"]
[EventType "team-tourn"]
[EventRounds "9"]
[EventCountry "GER"]
[SourceTitle "EXT 2020"]
[Source "ChessBase"]
[SourceDate "2019.10.17"]
[SourceVersion "1"]
[SourceVersionDate "2019.10.17"]
[SourceQuality "1"]
[WhiteTeam "Haunstetten TSV"]
[BlackTeam "Tegernsee TV"]
[WhiteTeamCountry "GER"]
[BlackTeamCountry "GER"]

1. d4 e6 2. c4 f5 3. Nf3 Nf6 4. Nc3 Bb4 5. Bg5 h6 6. Bd2 0-0 7. e3 b6 8. Bd3 Bb7 9. Qc2 Bxc3 10. Bxc3 Ne4 11. 0-0-0 d6 12. Be1 Nd7 13. Rg1 Qe7 14. Nd2 Ndf6 15. f3 Nxd2 16. Bxd2 c5 17. dxc5 bxc5 18. e4 fxe4 19. fxe4 Ng4 20. h3 Nf2 21. Rde1 Qh4 22. Re3 Rad8 23. g4 Rf4 24. Kb1 Rdf8 25. Be1 Qg5 26. Qe2 Nxd3 27. Qxd3 Qe5 28. Bc3 Qxe4 29. Qxe4 Bxe4+ 30. Kc1 d5 31. Be5 Rf2 32. Rge1 Rc2+ 33. Kd1 Rff2 34. Bc3 d4 35. Rxe4 dxc3 0-1

[Event "Barbera del Valles op"]
[Site "Barbera del Valles"]
[Date "1996.??.??"]
[Round "8"]
[White "Dvoretzky, Mark"]
[Black "Peric, Slavisa"]
[Result "1/2-1/2"]
[WhiteElo "2475"]
[BlackElo "2365"]
[PlyCount "26"]
[EventDate "1996.07.??"]
[EventType "swiss"]
[EventRounds "9"]
[EventCountry "ESP"]
[SourceTitle "EXT 1997"]
[Source "ChessBase"]
[SourceDate "1996.11.15"]
[SourceVersion "1"]
[SourceVersionDate "1996.11.15"]
[SourceQuality "1"]

1. e4 e6 2. d3 d5 3. Nd2 c5 4. Ngf3 Nc6 5. g3 Bd6 6. Bg2 Nge7 7. 0-0 0-0 8. Nh4 dxe4 9. dxe4 Ng6 10. Nxg6 hxg6 11. f4 Be7 12. e5 Qc7 13. c3 b6 1/2-1/2

[Event "Terrassa op"]
[Site "Terrassa"]
[Date "1996.??.??"]
[Round "2"]
[White "Dvoretzky, Mark"]
[Black "Perpinya Rofes, Lluis Maria"]
[Result "1-0"]
[WhiteElo "2475"]
[BlackElo "2290"]
[PlyCount "93"]
[EventDate "1996.07.??"]
[EventType "swiss"]
[EventRounds "9"]
[EventCountry "ESP"]
[SourceTitle "EXT 2002"]
[Source "ChessBase"]
[SourceDate "2001.11.25"]
[SourceVersion "1"]
[SourceVersionDate "2001.11.25"]
[SourceQuality "1"]

1. e4 c5 2. Nf3 d6 3. c3 Nf6 4. Be2 g6 5. 0-0 Bg7 6. Re1 0-0 7. Bf1 Nc6 8. h3 e5 9. d4 cxd4 10. cxd4 exd4 11. Nxd4 Re8 12. Nxc6 bxc6 13. Nc3 d5 14. exd5 Rxe1 15. Qxe1 cxd5 16. Bg5 Bb7 17. Rd1 d4 18. Be3 Nh5 19. Nb5 Qh4 20. Bxd4 Nf4 21. Qe3 Qh5 22. Re1 Nxg2 23. Bxg2 Qxb5 24. Bxg7 Kxg7 25. Qe5+ Qxe5 26. Rxe5 Bxg2 27. Kxg2 Rb8 28. b3 Rb7 29. Ra5 f5 30. Ra6 Kf7 31. Kf3 Re7 32. b4 Ke8 33. b5 Kd8 34. Kf4 Re2 35. f3 Re7 36. h4 Kc8 37. a4 Kb7 38. h5 Rc7 39. h6 Re7 40. Kg5 Rf7 41. f4 Kb8 42. Re6 Kc7 43. Re8 Kb6 44. Rg8 Re7 45. Rg7 Re4 46. Rxh7 Rxa4 47. Rh8 1-0

[Event "Barbera del Valles op"]
[Site "Barbera del Valles"]
[Date "1996.??.??"]
[Round "6"]
[White "Dvoretzky, Mark"]
[Black "Vera Gonzalez Quevedo, Reynaldo"]
[Result "1/2-1/2"]
[WhiteElo "2475"]
[BlackElo "2505"]
[PlyCount "38"]
[EventDate "1996.07.??"]
[EventType "swiss"]
[EventRounds "9"]
[EventCountry "ESP"]
[SourceTitle "EXT 1997"]
[Source "ChessBase"]
[SourceDate "1996.11.15"]
[SourceVersion "1"]
[SourceVersionDate "1996.11.15"]
[SourceQuality "1"]

1. e4 c5 2. Nf3 d6 3. Bb5+ Bd7 4. Bxd7+ Qxd7 5. 0-0 Nc6 6. c3 Nf6 7. d4 cxd4 8. cxd4 d5 9. e5 Ng8 10. a3 e6 11. b4 Nge7 12. Nbd2 Nc8 13. Nb3 Nb6 14. b5 Nd8 15. a4 Nc4 16. Bg5 h6 17. Bxd8 Rxd8 18. Qd3 Bb4 19. Rfc1 0-0 1/2-1/2

[Event "Terrassa op"]
[Site "Terrassa"]
[Date "1996.??.??"]
[Round "7"]
[White "Garcia Ilundain, David"]
[Black "Dvoretzky, Mark"]
[Result "1/2-1/2"]
[WhiteElo "2520"]
[BlackElo "2475"]
[PlyCount "30"]
[EventDate "1996.07.??"]
[EventType "swiss"]
[EventRounds "9"]
[EventCountry "ESP"]
[SourceTitle "EXT 2002"]
[Source "ChessBase"]
[SourceDate "2001.11.25"]
[SourceVersion "1"]
[SourceVersionDate "2001.11.25"]
[SourceQuality "1"]

1. d4 Nf6 2. Nf3 g6 3. c4 Bg7 4. Nc3 0-0 5. e4 d6 6. Be2 e5 7. 0-0 exd4 8. Nxd4 Re8 9. f3 Nc6 10. Be3 Nh5 11. Qd2 Nf4 12. Nxc6 Nxe2+ 13. Nxe2 bxc6 14. Bd4 c5 15. Bxg7 Kxg7 1/2-1/2

[Event "Saint John op-2"]
[Site "Saint John"]
[Date "1988.??.??"]
[Round "?"]
[White "Dvoretzky, Mark"]
[Black "Scholseth, Tor Kristian"]
[Result "0-1"]
[WhiteElo "2475"]
[BlackElo "2265"]
[PlyCount "64"]
[EventDate "1988.02.08"]
[EventType "swiss"]
[EventRounds "9"]
[EventCountry "CAN"]
[SourceTitle "CBM 006"]
[Source "ChessBase"]
[SourceDate "1988.10.01"]
[SourceVersion "1"]
[SourceVersionDate "1988.10.01"]
[SourceQuality "1"]

1. e4 c5 2. Nf3 d6 3. Bb5+ Nd7 4. d4 Ngf6 5. Nc3 cxd4 6. Qxd4 e6 7. Bg5 Be7 8. 0-0-0 0-0 9. Rhe1 Qa5 10. Bxd7 Bxd7 11. Bxf6 gxf6 12. e5 fxe5 13. Nxe5 Bc6 14. Rd3 dxe5 15. Qg4+ Kh8 16. Qh5 Rg8 17. Qxf7 Rg7 18. Qxe6 Bg5+ 19. Kb1 Re8 20. Qf5 Qc7 21. Ne4 Bxe4 22. Rxe4 Qf7 23. Qxf7 Rxf7 24. f3 Rf4 25. Re1 Re7 26. c3 e4 27. fxe4 Rfxe4 28. Rxe4 Rxe4 29. g3 Re1+ 30. Kc2 Re2+ 31. Kb3 Rxh2 32. Rd7 Bc1 0-1

[Event "URS"]
[Site "Soviet Union"]
[Date "1987.??.??"]
[Round "?"]
[White "Dvoretzky, Mark"]
[Black "Khalifman, Alexander"]
[Result "1-0"]
[WhiteElo "2475"]
[BlackElo "2520"]
[PlyCount "101"]
[EventDate "1987.??.??"]
[EventType "game"]
[EventRounds "9"]
[EventCountry "URS"]
[SourceTitle "EXT 2010"]
[Source "ChessBase"]
[SourceDate "2010.11.25"]
[SourceVersion "1"]
[SourceVersionDate "2010.11.25"]
[SourceQuality "1"]

1. e4 c5 2. Nf3 e6 3. d3 d5 4. Nbd2 Nc6 5. g3 g6 6. Bg2 Bg7 7. 0-0 Nge7 8. Re1 0-0 9. e5 Qc7 10. Qe2 b6 11. h4 Ba6 12. Nf1 Nd4 13. Nxd4 cxd4 14. Bf4 Nc6 15. a3 Qd7 16. Nh2 Rae8 17. Ng4 f6 18. exf6 Bxf6 19. Nxf6+ Rxf6 20. Bh3 Rxf4 21. gxf4 Bc8 22. Qf3 Qf7 23. Qg3 Kh8 24. Re2 Rf8 25. Rae1 Nd8 26. f5 gxf5 27. Qe5+ Qg7+ 28. Qxg7+ Kxg7 29. f4 Kf6 30. Rg2 Bd7 31. Kf2 Nf7 32. Ke2 Nh8 33. Rf1 Ng6 34. h5 Ne7 35. h6 Ng6 36. Kd2 Rc8 37. Rg3 Be8 38. Rf2 Bf7 39. Bf1 Rc7 40. Be2 Rc8 41. Rg1 Ke7 42. Bh5 Kd6 43. c3 dxc3+ 44. bxc3 Ke7 45. Bxg6 Bxg6 46. a4 Kd6 47. Rb1 Kc5 48. Rb5+ Kc6 49. Ke3 Kd6 50. Kd4 Rg8 51. Rg2 1-0

[Event "Frunze"]
[Site "Frunze"]
[Date "1983.??.??"]
[Round "?"]
[White "Csom, Istvan"]
[Black "Dvoretzky, Mark"]
[Result "1/2-1/2"]
[WhiteElo "2505"]
[BlackElo "2510"]
[PlyCount "62"]
[EventDate "1983.05.??"]
[EventType "tourn"]
[EventRounds "15"]
[EventCountry "URS"]
[EventCategory "8"]
[SourceTitle "MCD"]
[Source "ChessBase"]
[SourceDate "1999.07.01"]
[SourceVersion "1"]
[SourceVersionDate "1999.07.01"]
[SourceQuality "1"]

1. Nf3 d5 2. g3 Nf6 3. Bg2 c6 4. b3 Bg4 5. Bb2 Nbd7 6. d4 e6 7. 0-0 Be7 8. Nbd2 0-0 9. Re1 a5 10. a4 Qb6 11. e4 Rfd8 12. h3 Bh5 13. e5 Ne8 14. c4 Nc7 15. c5 Qa7 16. Ba3 Na6 17. Qc1 Qb8 18. Bf1 Nb4 19. Bxb4 axb4 20. Bd3 b6 21. cxb6 Qxb6 22. Qb1 Bg6 23. Bxg6 fxg6 24. Qd3 Rf8 25. Kg2 c5 26. Ra2 g5 27. Rc2 h6 28. Rec1 Ra5 29. Qg6 Rf7 30. Qd3 Qb7 31. Qe2 Bf8 1/2-1/2

[Event "Frunze"]
[Site "Frunze"]
[Date "1983.??.??"]
[Round "?"]
[White "Dvoretzky, Mark"]
[Black "Rakic, Tomislav"]
[Result "1/2-1/2"]
[WhiteElo "2510"]
[BlackElo "2440"]
[PlyCount "28"]
[EventDate "1983.05.??"]
[EventType "tourn"]
[EventRounds "15"]
[EventCountry "URS"]
[EventCategory "8"]
[SourceTitle "MCD"]
[Source "ChessBase"]
[SourceDate "1999.07.01"]
[SourceVersion "1"]
[SourceVersionDate "1999.07.01"]
[SourceQuality "1"]

1. e4 g6 2. d4 Bg7 3. Nc3 d6 4. f4 Nf6 5. Nf3 0-0 6. Bd3 Nc6 7. 0-0 Bg4 8. e5 dxe5 9. dxe5 Nd5 10. h3 Bf5 11. Bxf5 Nxc3 12. bxc3 gxf5 13. Be3 f6 14. Qe2 Qd5 1/2-1/2

[Event "Frunze"]
[Site "Frunze"]
[Date "1983.??.??"]
[Round "?"]
[White "Dvoretzky, Mark"]
[Black "Vasiukov, Evgeni"]
[Result "1/2-1/2"]
[WhiteElo "2510"]
[BlackElo "2480"]
[PlyCount "51"]
[EventDate "1983.05.??"]
[EventType "tourn"]
[EventRounds "15"]
[EventCountry "URS"]
[EventCategory "8"]
[SourceTitle "MCD"]
[Source "ChessBase"]
[SourceDate "1999.07.01"]
[SourceVersion "1"]
[SourceVersionDate "1999.07.01"]
[SourceQuality "1"]

1. e4 c6 2. d4 d5 3. exd5 cxd5 4. c4 Nf6 5. Nc3 e6 6. Nf3 Bb4 7. Bd3 dxc4 8. Bxc4 0-0 9. 0-0 Nbd7 10. Bd3 b6 11. Bg5 Bb7 12. Rc1 Rc8 13. Re1 Bxc3 14. bxc3 Qc7 15. Bh4 Qf4 16. Bg3 Qg4 17. Be2 Qf5 18. Nd2 Rfd8 19. Nc4 Ne8 20. Bd3 Qg5 21. Qc2 Nf8 22. f4 Qd5 23. Ne3 Qa5 24. Nc4 Qd5 25. Ne3 Qa5 26. Nc4 1/2-1/2

[Event "Varna-19"]
[Site "Varna"]
[Date "1980.05.24"]
[Round "10"]
[White "Toshkov, Tihomir"]
[Black "Dvoretzky, Mark"]
[Result "1-0"]
[WhiteElo "2400"]
[BlackElo "2510"]
[PlyCount "121"]
[EventDate "1980.05.15"]
[EventType "tourn"]
[EventRounds "13"]
[EventCountry "BUL"]
[EventCategory "7"]
[SourceTitle "EXT 2005"]
[Source "ChessBase"]
[SourceDate "2004.11.15"]
[SourceVersion "1"]
[SourceVersionDate "2004.11.15"]
[SourceQuality "1"]

1. c4 c6 2. e4 e6 3. Nc3 d5 4. Nf3 Nf6 5. e5 Nfd7 6. cxd5 exd5 7. d4 Nb6 8. Bd3 Bg4 9. 0-0 Be7 10. Qe2 0-0 11. Nd1 f5 12. Ne3 Bxf3 13. Qxf3 g6 14. Nxf5 gxf5 15. Bh6 Kh8 16. Bxf8 Qxf8 17. Bxf5 Na6 18. Qh5 Qg7 19. Rad1 Rg8 20. g4 h6 21. f4 c5 22. Rd3 cxd4 23. Rh3 Bf8 24. Be6 Nc4 25. Bxg8 Kxg8 26. Rg3 Nc5 27. g5 Ne4 28. Qxh6 Qxh6 29. gxh6+ Kh7 30. e6 Bxh6 31. e7 Ncd6 32. f5 Bg7 33. Rg6 Ne8 34. Rf3 N4f6 35. Rb3 b6 36. Ra3 a5 37. Rb3 Kg8 38. Rxb6 Kf7 39. Kf1 d3 40. Ke1 Ne4 41. Rb8 Bf6 42. Rb5 d2+ 43. Kd1 a4 44. Rxd5 Bxb2 45. Kc2 Bf6 46. Rd7 N4d6 47. Rg4 a3 48. Ra4 Nxf5 49. Kxd2 Nxe7 50. Rxa3 Ke6 51. Rd8 Nd6 52. Ra6 Nc6 53. Rf8 Bg5+ 54. Ke2 Kd5 55. Ra4 Ne5 56. h4 Be7 57. Rff4 Ke6 58. h5 Bg5 59. Rf8 Nef7 60. Rg8 Nf5 61. Ra5 1-0

[Event "Varna-19"]
[Site "Varna"]
[Date "1980.05.22"]
[Round "8"]
[White "Boudy Bueno, Julio Leonardo"]
[Black "Dvoretzky, Mark"]
[Result "1/2-1/2"]
[WhiteElo "2400"]
[BlackElo "2510"]
[PlyCount "38"]
[EventDate "1980.05.15"]
[EventType "tourn"]
[EventRounds "13"]
[EventCountry "BUL"]
[EventCategory "7"]
[SourceTitle "EXT 2005"]
[Source "ChessBase"]
[SourceDate "2004.11.15"]
[SourceVersion "1"]
[SourceVersionDate "2004.11.15"]
[SourceQuality "1"]

1. e4 e5 2. Nf3 Nf6 3. d4 Nxe4 4. Bd3 d5 5. Nxe5 Bd6 6. 0-0 0-0 7. Nc3 Nxc3 8. bxc3 Nd7 9. Nxd7 Bxd7 10. Qh5 f5 11. c4 dxc4 12. Bxc4+ Kh8 13. Rb1 b6 14. Re1 Be8 15. Qf3 Rb8 16. Bb2 Bf7 17. Bb3 Bxb3 18. axb3 Qd7 19. Re2 Rbe8 1/2-1/2

[Event "Varna-19"]
[Site "Varna"]
[Date "1980.05.19"]
[Round "5"]
[White "Dvoretzky, Mark"]
[Black "Stoica, Valentin"]
[Result "1/2-1/2"]
[WhiteElo "2510"]
[BlackElo "2435"]
[PlyCount "103"]
[EventDate "1980.05.15"]
[EventType "tourn"]
[EventRounds "13"]
[EventCountry "BUL"]
[EventCategory "7"]
[SourceTitle "EXT 2005"]
[Source "ChessBase"]
[SourceDate "2004.11.15"]
[SourceVersion "1"]
[SourceVersionDate "2004.11.15"]
[SourceQuality "1"]

1. Nf3 Nf6 2. g3 b6 3. Bg2 Bb7 4. 0-0 c5 5. d3 e6 6. e4 d6 7. Nc3 Nbd7 8. Nd2 a6 9. Qe2 Qc7 10. f4 Be7 11. e5 dxe5 12. fxe5 Nd5 13. Nxd5 Bxd5 14. Bxd5 exd5 15. e6 Ne5 16. exf7+ Nxf7 17. Qe6 0-0 18. Qxd5 Rad8 19. Qe6 Bf6 20. Rxf6 gxf6 21. Ne4 Qe5 22. Qxf6 Qxf6 23. Nxf6+ Kg7 24. Nh5+ Kg8 25. Bf4 Rc8 26. Re1 Rc6 27. Re4 h6 28. h4 Rg6 29. Kg2 Nd6 30. Bxd6 Rxd6 31. Nf4 Kf7 32. Kf3 Re8 33. g4 Rxe4 34. Kxe4 Rd4+ 35. Ke5 Ra4 36. a3 c4 37. dxc4 Rxc4 38. c3 b5 39. g5 hxg5 40. hxg5 a5 41. g6+ Kg7 42. Ne6+ Kxg6 43. Kd5 Rh4 44. Nd4 b4 45. axb4 axb4 46. c4 Kf6 47. b3 Rh3 48. Kc5 Rd3 49. Kd5 Ke7 50. c5 Rc3 51. c6 Kd8 52. Kd6 1/2-1/2

[Event "Tbilisi"]
[Site "Tbilisi"]
[Date "1980.??.??"]
[Round "?"]
[White "Bronstein, David Ionovich"]
[Black "Dvoretzky, Mark"]
[Result "1/2-1/2"]
[WhiteElo "2535"]
[BlackElo "2510"]
[PlyCount "22"]
[EventDate "1980.??.??"]
[EventType "tourn"]
[EventRounds "16"]
[EventCountry "URS"]
[EventCategory "9"]
[SourceTitle "EXT 2000"]
[Source "ChessBase"]
[SourceDate "1999.11.16"]
[SourceVersion "1"]
[SourceVersionDate "1999.11.16"]
[SourceQuality "1"]

1. d4 d5 2. c4 e6 3. Nf3 Nf6 4. Nc3 c6 5. e3 Nbd7 6. Qc2 Bd6 7. b3 0-0 8. Bb2 dxc4 9. Bxc4 e5 10. 0-0-0 Qe7 11. Nb1 a5 1/2-1/2

[Event "Tbilisi"]
[Site "Tbilisi"]
[Date "1980.??.??"]
[Round "?"]
[White "Gufeld, Eduard"]
[Black "Dvoretzky, Mark"]
[Result "1-0"]
[WhiteElo "2510"]
[BlackElo "2510"]
[PlyCount "107"]
[EventDate "1980.??.??"]
[EventType "tourn"]
[EventRounds "16"]
[EventCountry "URS"]
[EventCategory "9"]
[SourceTitle "EXT 2000"]
[Source "ChessBase"]
[SourceDate "1999.11.16"]
[SourceVersion "1"]
[SourceVersionDate "1999.11.16"]
[SourceQuality "1"]

1. e4 c5 2. Nf3 e6 3. d4 cxd4 4. Nxd4 Nf6 5. Nc3 Nc6 6. Ndb5 d6 7. Bf4 e5 8. Bg5 a6 9. Na3 b5 10. Nd5 Be7 11. Bxf6 Bxf6 12. c3 0-0 13. Nc2 Rb8 14. g3 Bg5 15. Bg2 a5 16. 0-0 Ne7 17. Nce3 Bxe3 18. Nxe3 b4 19. Qd2 bxc3 20. Qxc3 Be6 21. Rfd1 Qb6 22. b3 Rbc8 23. Qd2 Rfd8 24. Rac1 Rxc1 25. Rxc1 g6 26. h4 h5 27. Nc4 Bxc4 28. Rxc4 Rc8 29. Bf1 Rc5 30. Qg5 Qc7 31. Rxc5 dxc5 32. Qf6 Kf8 33. Bc4 Ng8 34. Qa6 Kg7 35. Bd5 Nf6 36. Qc6 Qxc6 37. Bxc6 Kf8 38. f3 Ke7 39. Kf2 Nh7 40. Ke3 f5 41. f4 exf4+ 42. Kxf4 fxe4 43. Bxe4 Nf8 44. Ke3 Kd6 45. Kd3 Ke5 46. a4 g5 47. hxg5 c4+ 48. bxc4 Ne6 49. Bc6 Nxg5 50. c5 Ne6 51. Kc4 Nd4 52. Bg2 Nf5 53. Kb5 Nxg3 54. Kxa5 1-0